Villes du monde de l'italien vers le français - Statistiques

Statistiques générales
  • Ce quiz a été pris 156 fois
  • Le résultat moyen est 11 sur 15
Statistiques - réponses
Hint Réponse % Correct
Il Cairo Le Caire
100%
Parigi Paris
99%
Marsiglia Marseille
95%
Zurigo Zurich
94%
San Pietroburgo Saint-Pétersbourg
93%
Città del Messico Mexico
92%
Firenze Florence
91%
Anversa Anvers
90%
Amburgo Hambourg
88%
Damasco Damas
72%
Monaco (di Baviera) Munich
72%
Città del Capo Le Cap
67%
Danzica Gdansk
41%
Basilea Bâle
30%
Stoccarda Stuttgart
14%
Aucun quiz correspondant
Distribution des résultats
% des personnes avec chaque résultat
Percentile par nombre de réponses
Votre historique - résultats
Vous n’avez pas pris ce quiz